| 000 | 00522nam a2200217Ia 4500 | ||
|---|---|---|---|
| 003 | OSt | ||
| 005 | 20250701145439.0 | ||
| 008 | 210210b1977 xxu||||| |||| 00| 0 eng d | ||
| 020 | _a195603664 | ||
| 040 | _cAL | ||
| 041 | _aEnglish | ||
| 082 | _a306.8 KAPM | ||
| 100 |
_aKapadia K M _9135270 |
||
| 245 | _aMarriage and family in India | ||
| 250 | _a3 | ||
| 260 |
_aCalcutta. _bOxford University Press., _c1977 |
||
| 300 | _axxx,395 p. | ||
| 690 |
_aMarriage & Family _9135271 |
||
| 906 | _a044284 | ||
| 942 |
_2ddc _cBK |
||
| 999 |
_c93562 _d93562 |
||